003380000a2200157000450000500170000024500260001725000070004326000260005030000100007604000080008636500110009465000110010565000190011665000290013565000160016420120302055050.0 a Dnyanadevi:Addhaya-7 a 7 aPune:Suvichaara,1973. a145p. aMAR b6.50/- aDharma aSant Vangamaya aDnyaneshwari-Gadyanuwaad aArthadyotak